02844nam a22002657a 4500003000800000005001700008006001900025007000300044008004100047020001800088040001700106041000800123050001400131100003500145245012800180250001800308260007800326300002300404505027300427520171700700942001502417946000802432999001902440952011902459BJBSDDR20260512183401.0a|||||r|||| 00| 0 ta260512s2025 nyu|||||r|||| 00| 0 eng d a9780063472174 bspacBJBSDDR aeng bJ54r 20251 aJennings, Scott,d1977-94841612aA revolution of common sense : bhow Donald Trump stormed Washington and fought for Western civilization /cScott Jennings. afirst edition aNew York :bWilliam Morrow, an imprint of HarperCollinsPublishers,c2025. a273 pages ;c24 cm aContenidos : No holds barred DOGE: The Deep State Chainsaw Massacre Empire strikes back Briefing room battles Bad faith actors Fighting for peace Alien enemies: the immigration fights Transitioning back to common sense DEI dies Trade War II Unleashing American energy aA long habit of not thinking a thing wrong, gives it a superficial appearance of being right,' Thomas Paine wrote in Common Sense. In Washington, that habit became a way of life--where dysfunction, bloat, and bureaucratic failure were treated as business as usual. But Paine also reminded us: 'We have it in our power to begin the world over again.' That's exactly what Donald Trump set out to do in his second term--and what millions of Americans demanded when they sent him back to the White House. A Revolution of Common Sense is a tribute to that mission: a revolt against elite dogmas, a restoration of sanity in public life, and a reminder that America's best days aren't behind us. In these pages, CNN senior political commentator and Republican strategist Scott Jennings takes readers inside Trump's return to power--from scenes in the Oval Office and Air Force One to behind-the-curtain moments with the key players shaping the new agenda. Among them: Secretary of State Marco Rubio, Secretary of the Treasury Scott Bessent, Secretary of Defense Pete Hegseth, Interior Secretary Doug Burgum, Trump campaign manager Chris LaCivita, and Elon Musk. This isn't just a play-by-play of executive orders and media showdowns. It's a sharp, often surprising look at how Trump's second term moved fast, broke norms, and reframed the political debate around a single question: What makes sense? Scott Jennings has spent his career at the highest levels of Republican politics--and from his perch on CNN, slays liberal narratives on a nightly basis. With insight, clarity, and unmatched access, he tells the story not just of a presidency, but of a revolution. And of the Americans still fighting to see it through. 2lccn0cBK illh c127076d127076 00102lcc40708APTaBJBbBJBcAPTd2026-05-12l0oJ54r 2025p00000200093r2026-05-12 18:34:16t1w2026-05-12yBK